Lessico Famigliare

-д хадгалсан:
Номзүйн дэлгэрэнгүй
Үндсэн зохиолч: Natalia Ginzburg
Формат: Ном
Хэл сонгох:Тодорхойгүй
Хэвлэсэн: Einaudi
Шошгууд: Шошго нэмэх
Шошго байхгүй, Энэхүү баримтыг шошголох эхний хүн болох!

MARC

LEADER 00000nam a2200000Ia 4500
001 R-525
003 CODICE-MESSINA
005 20260212102453.0
008 260211s9999 xx 000 0 und d
040 |c importazione_messina 
100 |a Natalia Ginzburg 
245 0 |a Lessico Famigliare 
260 |b Einaudi 
942 |2 ddc  |c BK 
952 |0 0  |1 0  |2 ddc  |4 0  |6 SCAFFALE_5_000000000000000__ROMANZI  |7 0  |9 31345  |a ME  |b ME  |d 2026-02-11  |l 0  |o SCAFFALE 5 - ROMANZI  |p R-525  |r 2026-02-11 23:52:29  |w 2026-02-11  |x [REVISIONARE]  |y BK 
999 |c 27010  |d 27010